00373pab a2200133 454500008004000000100002500040245008700065260000900152300001400161362000800175650001800183700002200201773001600223180718b2003 xxu||||| |||| 00| 0 eng d aJonson-Reid, Melissa aProbation foster care as an outcome for children exiting child welfare foster care c2003 ap.348-61. aJul aChild welfare aBarth, Richard P. aSocial Work